| 000 | 00837nam a22002057a 4500 | ||
|---|---|---|---|
| 999 |
_c15492 _d15492 |
||
| 003 | AR-CdUCM | ||
| 008 | 190427b ||||| |||| 00| 0 spa d | ||
| 040 |
_aMUNICIPALIDAD PROVINCIAL DEL CUSCO _cBIBLIOTECA MUNICIPAL DEL CUSCO |
||
| 082 |
_a376.51 / _bD63 / 1912 |
||
| 100 |
_aDeustua, Alejandro O. _925854 |
||
| 245 |
_aLa cultura superior en Italia : _bInforme elevado al supremo Gobierno del Perú / |
||
| 260 |
_aLima : _bLiberia Francesa Científica, _c1912. |
||
| 300 |
_a188 páginas ; _c21 cm. |
||
| 505 | _aContenido: La cultura superior en Italia -- La escuela pedagógica -- La escuela de Magisterio -- La criminalidad Italiana -- La política Italiana -- El individualismo Italiano ... | ||
| 650 |
_aEducación _9460 |
||
| 650 |
_aPerú _935 |
||
| 650 |
_aItalia _92273 |
||
| 942 |
_2ddc _cLIBROS |
||
| 945 |
_aachl _d2019-04-27 |
||